000 00432nam a2200181Ia 4500
005 20250423095704.0
008 250422s9999 xx 000 0 und d
020 _a9780312420130
050 _aRA 644 .S66/
100 _aSontag Susan
245 0 _aIllness as metaphor and AIDS and its Methapors
250 _a1st ed.
260 _aNew York
260 _c1990
300 _a183 p
650 _aMedical ethics.
942 _cBK
999 _c31037
_d31037